The Beatles Songs by Synonyms - Statistics

General Stats
  • This quiz has been taken 1,731 times
  • The average score is 10 of 13
Answer Stats
Hint Answer % Correct
Hello Jude Hey Jude
97%
Previous Day Yesterday
96%
Amber Submersible Yellow Submarine
94%
Greetings Farewell Hello Goodbye
92%
Guidance! Help
92%
Cent Avenue Penny Lane
87%
Wont Purchase Me Lust Can't Buy Me Love
85%
I Eyed Her Stood In That Direction I Saw Her Standing There
80%
Arrive In Sync Come Together
74%
Affection Me Finish Love Me Do
66%
Bring Behind Get Back
59%
Attend Hither The Star Here Comes the Sun
50%
Object Something
37%
No matching quizzes found
Score Distribution
Percent of People with Each Score
Percentile by Number Answered
Your Score History
You have not taken this quiz